000 00811nas a2200253 4500
001 BR9205910
003 BR-BrBNA
005 20231205094634.0
007 ta
008 230509b bl.|||p| |||| 00| 00por d
040 _aBR-BrBNA
_bpor
_cBiblioteca Nacional de Agricultura
041 _a(Pt)
072 _aF61; H50
100 1 _aOliveira, M.S.
100 1 _aHostalacio, S.
100 1 _aCastro Neto, P.
245 1 _aEfeito do deficit aplicado em diferentes fases do ciclo fenologico do feijoeiro (Phaseolus vulgaris L. cv. Eriparza)
_bParte de tese
650 _aFeijao
650 _aDeficiencia Hidrica
650 _aEstufa
773 0 _tCiencia e Pratica (Brazil)
_xISSN 0100-3267
_g(Jan-Jun 1988), v. 12(1) p. 78-86
_wBR9205910
909 _a202311
_bLúcia
_c55
_dLúcia Elande
942 _2AGRIS
_n0
_cANA
999 _c145824
_d145824